Desperate housewives - Statistiques

Statistiques générales
  • Ce quiz a été pris 1 562 fois
  • Le résultat moyen est 14 sur 16
Statistiques - réponses
Hint Réponse % Correct
2 Combien il y a t-il de saisons ? huit
100%
5 l'une des 4 (prénom + nom) Gabrielle Solis
96%
6 l'une des 4 (prénom + nom) Bree Van de Kamp
95%
4 l'une des 4 (prénom + nom) Lynette Scavo
95%
9 leur compagnon (prénom + nom) Carlos Solis
94%
8 leur compagnon (prénom + nom) Tom Scavo
94%
1 La rue principale où se déroule la série Wisteria Lane
93%
12 Narrateur/trice Mary Alice
91%
7 leur compagnon (prénom + nom) Mike Delfino
91%
3 l'une des 4 (prénom + nom) Susan Mayer
91%
13 Année du premier épisode 2004
86%
14 Année du dernier épisode 2012
85%
10 leur compagnon (prénom + nom) Rex Van de Kamp
85%
11 La ville où se déroule la série Fairview
75%
16 Qui décède d'un cancer dans la dernière saison ? Karen
74%
15 "Rivale" des desperate housewives (prénom + nom) Eddie Britt
69%
Aucun quiz correspondant
Distribution des résultats
% des personnes avec chaque résultat
Percentile par nombre de réponses
Votre historique - résultats
Vous n’avez pas pris ce quiz